[Event "WLS-chB 68th"]
[Site "Cardiff"]
[Date "2024.04.01"]
[Round "7"]
[White "Hurn, Robert AJ"]
[Black "Hill, Glyn"]
[Result "1-0"]
[WhiteElo "1711"]
[BlackElo "1057"]
[PlyCount "73"]
[EventDate "2024.03.29"]
[EventType "swiss"]
[EventRounds "7"]
[EventCountry "WLS"]
[SourceTitle "CB14_2024"]
[SourceDate "2024.04.01"]
[SourceVersion "1"]
[SourceVersionDate "2024.04.01"]
[SourceQuality "1"]

1. d4 d5 2. c4 c5 3. e3 Nf6 4. Nc3 e6 5. Nf3 Be7 6. Bd3 0-0 7. 0-0 h6 8. b3 Nc6 9. Bb2 a6 10. a4 Nb4 11. Be2 b6 12. Ne5 Bd6 13. f4 g6 14. Bf3 Bb7 15. cxd5 Nbxd5 16. Nxd5 Bxd5 17. Kh1 h5 18. Qd3 Bxf3 19. Rxf3 Bxe5 20. fxe5 Nd5 21. Raf1 f5 22. exf6 Kh7 23. dxc5 Nb4 24. Qe4 Qd5 25. Qxb4 Rad8 26. h3 bxc5 27. Qc3 e5 28. Qxe5 Qxb3 29. f7 Rd4 30. exd4 Qxb2 31. Qxc5 Qb7 32. Qxf8 h4 33. Qg8+ Kh6 34. f8Q+ Kg5 35. Qf4+ Kh5 36. Qh8+ Qh7 37. Qxh7# 1-0

[Event "WLS-chB 68th"]
[Site "Cardiff"]
[Date "2024.03.31"]
[Round "5"]
[White "Hurn, Robert AJ"]
[Black "Probert, Malcolm"]
[Result "1/2-1/2"]
[WhiteElo "1711"]
[BlackElo "1728"]
[PlyCount "55"]
[EventDate "2024.03.29"]
[EventType "swiss"]
[EventRounds "7"]
[EventCountry "WLS"]
[SourceTitle "CB14_2024"]
[SourceDate "2024.04.01"]
[SourceVersion "1"]
[SourceVersionDate "2024.04.01"]
[SourceQuality "1"]

1. d4 d5 2. c4 c6 3. Nc3 Nf6 4. e3 g6 5. Nf3 Bg7 6. Be2 0-0 7. 0-0 Be6 8. cxd5 Nxd5 9. e4 Nxc3 10. bxc3 Qc7 11. Qc2 f6 12. Be3 Bf7 13. Rfe1 Nd7 14. g3 e5 15. Rad1 b5 16. a4 a6 17. axb5 cxb5 18. d5 Nb6 19. Nd2 Rfc8 20. Nb1 Nc4 21. Bc1 Nd6 22. Ba3 Nb7 23. Rc1 Bf8 24. Bb2 Bc5 25. Kg2 Nd6 26. Bd3 Qb6 27. Qe2 a5 28. Qf3 1/2-1/2

[Event "Cardiff Welsh op"]
[Site "Cardiff"]
[Date "2022.04.18"]
[Round "6"]
[White "Dixon, Chris"]
[Black "Hurn, Robert AJ"]
[Result "1/2-1/2"]
[WhiteElo "1735"]
[BlackElo "1609"]
[PlyCount "34"]
[EventDate "2022.04.15"]
[EventType "swiss"]
[EventRounds "7"]
[EventCountry "WLS"]
[SourceTitle "CBM 207 Extra"]
[Source "ChessBase"]
[SourceDate "2022.05.31"]
[SourceVersion "1"]
[SourceVersionDate "2022.05.31"]
[SourceQuality "1"]

1. d4 Nf6 2. Nc3 d5 3. Bf4 c6 4. e3 g6 5. Nf3 Qb6 6. Rb1 Nh5 7. Be5 f6 8. Bxb8 Rxb8 9. Be2 Ng7 10. 0-0 Be6 11. a3 Qc7 12. e4 dxe4 13. Nxe4 Rd8 14. Nc3 Bf7 15. Bd3 e6 16. Re1 Be7 17. Qe2 0-0 1/2-1/2

[Event "South Wales op 16th"]
[Site "Cardiff"]
[Date "2019.07.11"]
[Round "8.24"]
[White "Hurn, Robert AJ"]
[Black "Hughes, Anthony"]
[Result "1/2-1/2"]
[WhiteElo "1615"]
[BlackElo "1900"]
[PlyCount "43"]
[EventDate "2019.07.07"]
[EventType "swiss"]
[EventRounds "9"]
[EventCountry "WLS"]
[SourceTitle "EXT 2020"]
[Source "ChessBase"]
[SourceDate "2019.10.17"]
[SourceVersion "1"]
[SourceVersionDate "2019.10.17"]
[SourceQuality "1"]

1. d4 Nf6 2. c4 e6 3. Nc3 Bb4 4. e3 0-0 5. Bd3 d5 6. Nf3 dxc4 7. Bxc4 c5 8. 0-0 b6 9. a3 Bxc3 10. bxc3 Qe7 11. Qe2 Bb7 12. Rd1 Nbd7 13. Bb2 Rac8 14. Rac1 Rfd8 15. Ba6 Bxa6 16. Qxa6 Nb8 17. Qe2 c4 18. e4 Qb7 19. Re1 Nbd7 20. Rcd1 Nf8 21. Bc1 h6 22. Ne5 1/2-1/2

[Event "WLS-ch Major 65th"]
[Site "Cardiff"]
[Date "2019.04.21"]
[Round "5"]
[White "Hurn, Robert AJ"]
[Black "Fox, Chris"]
[Result "0-1"]
[WhiteElo "1623"]
[BlackElo "1685"]
[PlyCount "87"]
[EventDate "2019.04.19"]
[EventType "swiss"]
[EventRounds "7"]
[EventCountry "WLS"]
[SourceTitle "CBM 190 Extra"]
[Source "ChessBase"]
[SourceDate "2019.07.15"]
[SourceVersion "1"]
[SourceVersionDate "2019.07.15"]
[SourceQuality "1"]

1. d4 Nf6 2. c4 e6 3. Nc3 Bb4 4. e3 c5 5. a3 cxd4 6. exd4 Bxc3+ 7. bxc3 b6 8. Be2 Bb7 9. Bf3 d5 10. cxd5 Bxd5 11. Bxd5 Qxd5 12. Nf3 Nbd7 13. 0-0 0-0 14. Bd2 Rac8 15. Qe2 Ne4 16. Rfc1 Nxd2 17. Qxd2 Rc4 18. Qe3 Rfc8 19. Nd2 R4c7 20. h3 e5 21. dxe5 Qxe5 22. c4 Qxe3 23. fxe3 Ne5 24. c5 Rxc5 25. Rxc5 Rxc5 26. Kf2 Rc2 27. Ke1 Kf8 28. g4 Ke7 29. Kd1 Rc3 30. Ke2 Nc4 31. Nf1 Rxa3 32. Rc1 b5 33. Rd1 a6 34. Rd4 Nd6 35. Kd1 a5 36. Kc2 Ke6 37. h4 b4 38. e4 Ke5 39. Rd5+ Ke6 40. Rd4 f6 41. Kb2 Rf3 42. Nd2 Re3 43. Rxd6+ Kxd6 44. Nc4+ 0-1

[Event "WLS-ch Major 65th"]
[Site "Cardiff"]
[Date "2019.04.19"]
[Round "1"]
[White "Phillips, William"]
[Black "Hurn, Robert AJ"]
[Result "1/2-1/2"]
[WhiteElo "1843"]
[BlackElo "1623"]
[PlyCount "56"]
[EventDate "2019.04.19"]
[EventType "swiss"]
[EventRounds "7"]
[EventCountry "WLS"]
[SourceTitle "CBM 190 Extra"]
[Source "ChessBase"]
[SourceDate "2019.07.15"]
[SourceVersion "1"]
[SourceVersionDate "2019.07.15"]
[SourceQuality "1"]

1. d4 Nf6 2. Nf3 d5 3. c4 dxc4 4. Nc3 a6 5. a4 Nc6 6. e3 Na5 7. Ne5 Bf5 8. Nxc4 Nxc4 9. Bxc4 e6 10. 0-0 Be7 11. Qe2 0-0 12. Rd1 c6 13. e4 Bg4 14. f3 Bh5 15. Qf2 Qc7 16. Be3 h6 17. Ne2 Bg6 18. Rac1 Qa5 19. Nf4 Bh7 20. Qc2 Rac8 21. Qb3 Rb8 22. d5 b5 23. axb5 axb5 24. Be2 cxd5 25. exd5 exd5 26. Nxd5 Nxd5 27. Rxd5 Qa4 28. Qxa4 bxa4 1/2-1/2

[Event "WLS-ch Seniors 4th"]
[Site "Merthyr Tydfil"]
[Date "2018.09.30"]
[Round "5"]
[White "Hurn, Robert AJ"]
[Black "Davis, Lee"]
[Result "1/2-1/2"]
[WhiteElo "1608"]
[BlackElo "1960"]
[PlyCount "70"]
[EventDate "2018.09.28"]
[EventType "swiss"]
[EventRounds "5"]
[EventCountry "WLS"]
[SourceTitle "EXT 2020"]
[Source "ChessBase"]
[SourceDate "2019.10.17"]
[SourceVersion "1"]
[SourceVersionDate "2019.10.17"]
[SourceQuality "1"]

1. d4 Nf6 2. c4 e6 3. Nc3 Bb4 4. e3 b6 5. Nge2 Bb7 6. a3 Be7 7. d5 0-0 8. Ng3 d6 9. e4 exd5 10. cxd5 Re8 11. Be2 Bf8 12. 0-0 g6 13. Bg5 Bg7 14. Rc1 h6 15. Be3 a6 16. Qd2 Kh7 17. f4 Nbd7 18. b4 h5 19. Bf3 Rc8 20. f5 Ne5 21. fxg6+ fxg6 22. Bg5 Rf8 23. Nce2 Qe8 24. Nd4 Nxf3+ 25. gxf3 Rf7 26. Ne6 c6 27. Be3 cxd5 28. Ng5+ Kg8 29. Nxf7 Rxc1 30. Rxc1 Qxf7 31. Bxb6 Ne8 32. Qe2 h4 33. Nh1 Qf4 34. Be3 Bd4 35. Re1 Qg5+ 1/2-1/2

[Event "WLS-ch Seniors 4th"]
[Site "Merthyr Tydfil"]
[Date "2018.09.30"]
[Round "4"]
[White "Williams, David J"]
[Black "Hurn, Robert AJ"]
[Result "1/2-1/2"]
[WhiteElo "1517"]
[BlackElo "1608"]
[PlyCount "130"]
[EventDate "2018.09.28"]
[EventType "swiss"]
[EventRounds "5"]
[EventCountry "WLS"]
[SourceTitle "EXT 2020"]
[Source "ChessBase"]
[SourceDate "2019.10.17"]
[SourceVersion "1"]
[SourceVersionDate "2019.10.17"]
[SourceQuality "1"]

1. e4 c5 2. Nf3 d6 3. Bb5+ Bd7 4. Bxd7+ Qxd7 5. Qe2 Nc6 6. c3 Nf6 7. 0-0 e6 8. d4 Be7 9. dxc5 dxc5 10. Rd1 Qc7 11. Bg5 0-0 12. Na3 a6 13. Nc2 Rfd8 14. h3 Rxd1+ 15. Rxd1 Rd8 16. Bxf6 Bxf6 17. Rxd8+ Qxd8 18. Ne3 Ne5 19. Nxe5 Bxe5 20. Nc4 Bc7 21. Qd2 Qxd2 22. Nxd2 b5 23. c4 Kf8 24. b3 Ke7 25. Kf1 Kf6 26. cxb5 axb5 27. a4 bxa4 28. bxa4 Ke5 29. Ke2 Kd4 30. a5 c4 31. a6 Bb6 32. f3 Kc3 33. Kd1 Kd3 34. Nf1 c3 35. Kc1 g6 36. h4 h5 37. g4 hxg4 38. fxg4 Kxe4 39. h5 gxh5 40. gxh5 Kf5 41. Kc2 Kg5 42. Ng3 f5 43. Kxc3 f4 44. Ne4+ Kxh5 45. Kd3 Kg4 46. Ke2 e5 47. Kf1 Kf3 48. Nd6 e4 49. Nc8 Bd4 50. a7 Bxa7 51. Nxa7 e3 52. Nb5 Ke4 53. Nd6+ Kd3 54. Ke1 f3 55. Nf5 f2+ 56. Kf1 Kd2 57. Ng3 Kd1 58. Ne2 Kd2 59. Ng3 Kd3 60. Ne2 Ke4 61. Ng3+ Kf3 62. Ne2 Kg4 63. Nc3 Kg3 64. Ne2+ Kh2 65. Nf4 Kh1 1/2-1/2

[Event "South Wales op 15th"]
[Site "Cardiff"]
[Date "2018.07.12"]
[Round "9"]
[White "Hurn, Robert AJ"]
[Black "Downey, Keith"]
[Result "0-1"]
[WhiteElo "1609"]
[BlackElo "1824"]
[PlyCount "108"]
[EventDate "2018.07.07"]
[EventType "swiss"]
[EventRounds "9"]
[EventCountry "WLS"]
[SourceTitle "EXT 2019"]
[Source "ChessBase"]
[SourceDate "2018.10.10"]
[SourceVersion "1"]
[SourceVersionDate "2018.10.10"]
[SourceQuality "1"]

1. d4 Nf6 2. c4 e6 3. Nc3 Bb4 4. e3 0-0 5. Bd3 c5 6. Nf3 d5 7. 0-0 cxd4 8. exd4 dxc4 9. Bxc4 Nc6 10. Bg5 Be7 11. Re1 Re8 12. Rc1 Nd5 13. Qd2 Nxc3 14. bxc3 b6 15. Bxe7 Nxe7 16. Bd3 Bb7 17. Ng5 h6 18. Nh3 Rc8 19. Bb1 Ng6 20. Qd3 Nf8 21. Nf4 Qg5 22. Qg3 Qxg3 23. hxg3 Red8 24. Nd3 Nd7 25. f3 Nf6 26. Nf4 Rc7 27. Re3 Rxd4 28. Ne2 Rd8 29. Nf4 Rcd7 30. Kh2 Rd1 31. Re1 Rxc1 32. Rxc1 Rd2 33. Kg1 Kf8 34. Kf1 Ba6+ 35. Ke1 Rb2 36. g4 g5 37. Nh3 Re2+ 38. Kd1 Rxg2 39. c4 Nd7 40. a3 Nc5 41. Rc3 e5 42. Bf5 Rh2 43. Nxg5 hxg5 44. Re3 f6 45. Rc3 Bb7 46. Ke1 Ke7 47. Bc2 Kd6 48. Bf5 Bc6 49. Bg6 Ne6 50. Bf7 Nd4 51. f4 gxf4 52. c5+ bxc5 53. Bc4 f3 54. Kf1 Rc2 0-1

[Event "South Wales op 15th"]
[Site "Cardiff"]
[Date "2018.07.11"]
[Round "8"]
[White "Dixon, Chris"]
[Black "Hurn, Robert AJ"]
[Result "1/2-1/2"]
[WhiteElo "1754"]
[BlackElo "1609"]
[PlyCount "40"]
[EventDate "2018.07.07"]
[EventType "swiss"]
[EventRounds "9"]
[EventCountry "WLS"]
[SourceTitle "EXT 2019"]
[Source "ChessBase"]
[SourceDate "2018.10.10"]
[SourceVersion "1"]
[SourceVersionDate "2018.10.10"]
[SourceQuality "1"]

1. e4 c5 2. Nc3 Nc6 3. g3 g6 4. Bg2 Bg7 5. d3 d6 6. f4 e6 7. Nf3 Nge7 8. 0-0 0-0 9. Be3 b6 10. Bf2 Ba6 11. Re1 Nd4 12. e5 Nxf3+ 13. Bxf3 d5 14. g4 Rc8 15. g5 Nf5 16. h4 h6 17. Bg4 d4 18. Ne4 Bb7 19. Bf3 Qc7 20. b3 h5 1/2-1/2

[Event "South Wales op 15th"]
[Site "Cardiff"]
[Date "2018.07.10"]
[Round "6"]
[White "Konnen, Timo"]
[Black "Hurn, Robert AJ"]
[Result "1/2-1/2"]
[WhiteElo "1875"]
[BlackElo "1609"]
[PlyCount "109"]
[EventDate "2018.07.07"]
[EventType "swiss"]
[EventRounds "9"]
[EventCountry "WLS"]
[SourceTitle "EXT 2019"]
[Source "ChessBase"]
[SourceDate "2018.10.10"]
[SourceVersion "1"]
[SourceVersionDate "2018.10.10"]
[SourceQuality "1"]

1. d4 Nf6 2. Nc3 d5 3. Bg5 e6 4. e4 dxe4 5. Nxe4 Be7 6. Bxf6 Bxf6 7. Nf3 0-0 8. Qd2 b6 9. c3 Bb7 10. Bd3 Nd7 11. 0-0-0 Qe7 12. g4 g6 13. h4 c5 14. h5 Bg7 15. hxg6 hxg6 16. Rh3 Rfd8 17. Qf4 Nf8 18. dxc5 bxc5 19. g5 Bxe4 20. Qxe4 Rab8 21. Rg3 Qc7 22. Nd2 Qa5 23. Bb1 Qb6 24. Nc4 Rxd1+ 25. Kxd1 Qd8+ 26. Kc1 Qc7 27. f4 Qb7 28. Qxb7 Rxb7 29. Rd3 Rd7 30. Rd6 Rxd6 31. Nxd6 Nd7 32. Be4 Bf8 33. Nb7 Be7 34. Kd2 Kf8 35. a4 Nb6 36. b3 Nd5 37. Bxd5 exd5 38. Na5 Bd6 39. Ke3 Ke8 40. Nc6 a6 41. b4 Kd7 42. b5 axb5 43. axb5 Kc7 44. Kf3 Kb6 45. Nd8 Bf8 46. Nxf7 Kxb5 47. Ne5 Bg7 48. Ke3 Ka4 49. Kd3 Kb3 50. c4 dxc4+ 51. Nxc4 Bf8 52. Na5+ Kb4 53. Nc6+ Kb3 54. Ne5 Bg7 55. Nc4 1/2-1/2

[Event "South Wales op 15th"]
[Site "Cardiff"]
[Date "2018.07.09"]
[Round "5"]
[White "Hurn, Robert AJ"]
[Black "O'Rourke, Kevin1111"]
[Result "1-0"]
[WhiteElo "1609"]
[BlackElo "1276"]
[PlyCount "81"]
[EventDate "2018.07.07"]
[EventType "swiss"]
[EventRounds "9"]
[EventCountry "WLS"]
[SourceTitle "EXT 2019"]
[Source "ChessBase"]
[SourceDate "2018.10.10"]
[SourceVersion "1"]
[SourceVersionDate "2018.10.10"]
[SourceQuality "1"]

1. d4 d5 2. c4 dxc4 3. e4 Nf6 4. e5 Nd5 5. Bxc4 e6 6. Nf3 Bb4+ 7. Bd2 Bxd2+ 8. Qxd2 c6 9. Nc3 Nb6 10. Bd3 Nd5 11. 0-0 b5 12. Ne4 h6 13. Nd6+ Ke7 14. Rac1 Rf8 15. Rfe1 f6 16. Nh4 Kd7 17. Ng6 f5 18. Nxf8+ Qxf8 19. a3 f4 20. Be4 Ne7 21. Nxb5 Nd5 22. Nd6 g5 23. b4 g4 24. b5 f3 25. bxc6+ Nxc6 26. Qc2 Bb7 27. Nxb7 Rc8 28. Qa4 fxg2 29. Bxg2 Rc7 30. Na5 Qa8 31. Nxc6 Rxc6 32. Qxc6+ Qxc6 33. Rxc6 Kxc6 34. Rc1+ Kb5 35. Rc5+ Ka4 36. Bxd5 exd5 37. Rxd5 Kxa3 38. Ra5+ Kb4 39. Rxa7 Kc4 40. Rd7 h5 41. e6 1-0